000
00282nam a2200121Ia 4500
008
191201s2008 xx 000 0 und d
100
_a
KOTLER,Philip
245
0
_a
Principles of Management
260
_a
N. Delhi
_b
PHI
_c
2008
300
_a
597+misc
650
_a
BBA
942
_2
ddc
_c
BK
999
_c
6574
_d
6574